000 00689nam a2200241 i 4500
001 bgj
100 1 _aWIENER, Hervey S.
245 1 0 _aBasic reading skills handbook /
_cHervey S. Wiener, Charles Bazerman.
260 _aBoston ;
_aDallas :
_bHoughton Mifflin,
_ccop. 1988.
300 _aXIII, 406 pp :
_bill. ;
_c24 cm.
505 _aIncl. indexes.
650 9 _aReading (Higher education)
650 9 _aCollege readers
650 9 _aReading comprehension
650 9 _aVocabulary
700 1 _aBAZERMAN, Charles
020 _a0395446783 (pbk)
040 _cBPK
041 0 _aeng
920 _a0-395-44678-3 (pbk)
942 _cKS
008 s uk f |000 0 eng
999 _c41325
_d41325
856 _uhttp://koha.tu.koszalin.pl/cgi-bin/koha/opac-detail.pl?biblionumber=41325
_yKatalog online BPK